00323nam a2200133Ia 4500008004100000100004600041245001900087250001000106260002500116300000800141650001600149942000700165999001700172190216s9999||||xx |||||||||||||| ||und|| aNarayanan S And Manicavachagom Pillay T K 0aModern Algebra aFIRST bViswanathan S.c1982 a496 aMathematics cBK c30782d30782